| 000 | 00658nam a2200217 i 4500 | ||
|---|---|---|---|
| 001 | 79966 | ||
| 003 | ES-MaACL | ||
| 005 | 20250930063103.0 | ||
| 007 | t| | ||
| 008 | 041025s1950 ag ||||1| spa d | ||
| 100 | 1 |
_aHesse, Hermann, _d1877-1962 _963472 |
|
| 245 | 1 | 0 |
_aNarciso y Goldmundo / _cHermann Hesse ; traducción de Luis Tobío. |
| 250 | _a[2ª ed.]. | ||
| 260 |
_aBuenos Aires : _bSudamericana, _c[1950] ( _fCompañía Impresora Argentina) |
||
| 300 |
_a411 p. ; _c19 cm. |
||
| 490 | 1 | _aHorizonte | |
| 700 | 1 |
_aTobío, Luis. _9110377 |
|
| 830 | 0 |
_aHorizonte _9180916 |
|
| 852 |
_aES-MaACL _jD-5805 _bR.30506 |
||
| 999 |
_c79966 _d79966 |
||